Cuenta de Rectoría. Informes de Gestión Organismos de Dirección Superior. Período 1998
Saved in:
| Institution som forfatter: | |
|---|---|
| Format: | Bog |
| Sprog: | spansk |
| Udgivet: |
Valparaíso
Universidad Católica de Valparaíso, Rectoría
1999
|
| Udgivelse: | 1a. ed |
| Serier: | Cuentas de Rectoría
|
| Fag: | |
| Tags: |
Tilføj Tag
Ingen Tags, Vær først til at tagge denne postø!
|
MARC
| LEADER | 00000nam a2200000 a 4500 | ||
|---|---|---|---|
| 001 | UCJ7905 | ||
| 003 | CL-VaPUC | ||
| 005 | 20231110160016.0 | ||
| 008 | 070124e19990000CL |||||||||||||||||spa|d | ||
| 999 | |c 323769 |d 323767 | ||
| 040 | |c Pontificia Universidad Católica de Valparaíso | ||
| 082 | 0 | 4 | |a 378 |b UNI |2 21 |
| 110 | 2 | |a Universidad Católica de Valparaíso |e author |9 516409 | |
| 245 | 1 | 0 | |a Cuenta de Rectoría. Informes de Gestión Organismos de Dirección Superior. Período 1998 |
| 250 | |a 1a. ed | ||
| 260 | |a Valparaíso |b Universidad Católica de Valparaíso, Rectoría |c 1999 | ||
| 300 | |a 131 p | ||
| 490 | 0 | |a Cuentas de Rectoría | |
| 583 | |a last modification |c 20070124 00:00:00 |k Rodrigo Vera | ||
| 600 | |a Donoso Riveros, Bernardo Alfonso |d 1946- |9 885721 | ||
| 650 | 0 | |a Universidades chilenas |9 407335 | |
| 650 | 0 | |a Archivo histórico PUCV |9 255554 | |
| 650 | 7 | |a DOCUMENTOS |2 CL-VaPUC |9 366450 | |
| 650 | 7 | |a RECTORES UCV |2 CL-VaPUC |9 507368 | |
| 942 | |c BK |2 ddc | ||
| 945 | |d 20070124 00:00:00 |a rinostro | ||
| 952 | |0 0 |1 0 |4 0 |6 378_000000000000000_UNI_1999 |7 0 |8 X |9 403567 |a FDOBUD |b FDOBUD |d 2019-11-22 |i 1069152 |o 378 UNI 1999 |p 1069152 |r 2019-11-22 |w 2019-11-22 |y BK_X |k FHP | ||